Developing a Legal, Ethical, and Socially Responsible Mindset for Sustainable Leadership (Record no. 33437)
[ view plain ]
| 000 -LEADER | |
|---|---|
| fixed length control field | 00493nam a22001817a 4500 |
| 005 - DATE AND TIME OF LATEST TRANSACTION | |
| control field | 20230905173946.0 |
| 008 - FIXED-LENGTH DATA ELEMENTS--GENERAL INFORMATION | |
| fixed length control field | 230905b |||||||| |||| 00| 0 eng d |
| 020 ## - INTERNATIONAL STANDARD BOOK NUMBER | |
| ISBN | 9781936237074 |
| 082 ## - DEWEY DECIMAL CLASSIFICATION NUMBER | |
| Classification number | 330 |
| Item number | CAV-D |
| 100 ## - MAIN ENTRY--AUTHOR | |
| Author Name | Cavico,Frank J. |
| 245 ## - TITLE STATEMENT | |
| Title | Developing a Legal, Ethical, and Socially Responsible Mindset for Sustainable Leadership |
| 260 ## - PUBLICATION, DISTRIBUTION, ETC. | |
| Place of Publication | USA |
| Name of publisher, distributor, etc. | ILEAD Academy |
| 300 ## - PHYSICAL DESCRIPTION | |
| Pages | 138 |
| 500 ## - GENERAL NOTE | |
| General note | Include index |
| 650 ## - SUBJECT ADDED ENTRY--TOPICAL TERM | |
| Subject / Department | Economics |
| 700 ## - ADDED ENTRY--PERSONAL NAME | |
| Personal name | Frank J.Cavico |
No items available.
